| 000 | 00781nam a22002057a 4500 | ||
|---|---|---|---|
| 005 | 20240523113037.0 | ||
| 008 | 240304t ||||| |||| 00| 0 spa d | ||
| 020 | _a9788411830492 | ||
| 040 |
_aCO-BoUCM _cDavid Moreno _dDavid Moreno |
||
| 041 | _aspa | ||
| 100 | 1 |
_aRojas Torrijos, José Luis _9180163 |
|
| 245 | 1 | 0 |
_aManual de nuevos perfiles profesionales para el periodismo y la no ficción _cJosé Luis Rojas Torrijos, Susana Herrera Damas |
| 260 |
_aValencia _bTirant Humanidades _c2023 |
||
| 300 | _a210 Páginas | ||
| 650 | 1 | 7 |
_aPeriodismo _xInformacion publica _9180164 |
| 650 | 1 | 7 |
_aPeriodistas _xEtica periodistica _9180165 |
| 700 | 1 |
_aHerrera Damas, Susana _9180162 |
|
| 942 |
_2DEWEY _a24 _cLIBRO _e1 _h070.92 _mR741m _n0 |
||
| 999 |
_c323939 _d323939 |
||